| 000 | 00887nac a22002411u 4500 | ||
|---|---|---|---|
| 010 | _a 95016552 | ||
| 020 | _a0133051943 | ||
| 082 | 0 | 0 |
_a658.40360285 _bCOL |
| 090 |
_c6169 _d6169 |
||
| 100 | _a20080729 | ||
| 245 | 0 | 0 |
_aGroupware : _btechnologies and applications / _cDavid Coleman and Raman Khanna [editors] ; [foreword by Thomas Malone]. |
| 260 |
_aUpper Saddle River, NJ : _bPrentice Hall PTR,1995 _cc1995. |
||
| 300 |
_axxvii, 576 p. : _bill. ; _c24 cm. |
||
| 500 | _adistributer: Al-Ahram | ||
| 504 | _aIncludes bibliographical references and index. | ||
| 511 | _acatalogued by: wessam | ||
| 650 | 0 |
_aTeams in the workplace _xData processing. |
|
| 650 | 0 |
_aBusiness _xData processing. |
|
| 650 | 0 | _aInformation technology. | |
| 700 | 1 |
_aColeman, David, _d1954- |
|
| 700 | 1 | _aKhanna, Raman. | |
| 942 |
_cBB _k658.40360285COL |
||
| 999 |
_c6169 _d6169 |
||